MESTSKÁ KNIŽNICA GIRALTOVCE  - online katalóg 

Olej a mramor (Record no. 23513)

000 -NÁVESTIE
fixed length control field 01447nam a2200409 4500
001 - EVIDENČNÉ ČÍSLO ZÁZNAMU - Kontrolné číslo
control field vtls012153066
005 - DÁTUM A ČAS POSLEDNEJ TRANSAKCIE
control field 20221109101557.0
008 - ÚDAJE S PEVNOU DĹŽKOU – VŠEOBECNÉ INFORMÁCIE
fixed length control field 221027s2022 xo gr 010 fdslo c
020 ## - MEDZINÁRODNÉ ŠTANDARDNÉ ČÍSLO KNIHY (ISBN)
Medzinárodné štandardné číslo knihy (ISBN) 9788055184739
Qualifying information (viazané)
040 ## - ZDROJ KATALOGIZÁCIE
Pôvodná katalogizujúca agentúra GAGK
Jazyk katalogizácie slo
Prepisujúca agentúra GAGK
Konvencie popisu rda
041 1# - KÓD JAZYKA
Kód jazyka textu/zvukovej stopy alebo samostatných nápisov slo
Kód jazyka originálu a/alebo sprostredkujúcich prekladov textu eng
044 ## - KÓD KRAJINY VYDAVATEĽA/PRODUCENTA
Kód krajiny MARC xo
Kód krajiny ISO SK
072 #7 - KÓD PREDMETOVEJ KATEGÓRIE
Kód predmetovej kategórie 821.111(73)-3
Pododdiel kódu predmetovej kategórie Americká próza
Zdroj konspekt
080 ## - ČÍSLO MEDZINÁRODNÉHO DESATINNÉHO TRIEDENIA (MDT)
Číslo Medzinárodného desatinného triedenia (MDT) 75.071.1
Identifikátor vydania 2011
080 ## - ČÍSLO MEDZINÁRODNÉHO DESATINNÉHO TRIEDENIA (MDT)
Číslo Medzinárodného desatinného triedenia (MDT) 75.034.3/.6
Identifikátor vydania 2011
080 ## - ČÍSLO MEDZINÁRODNÉHO DESATINNÉHO TRIEDENIA (MDT)
Číslo Medzinárodného desatinného triedenia (MDT) 821.111(73)-31
Identifikátor vydania 2011
080 ## - ČÍSLO MEDZINÁRODNÉHO DESATINNÉHO TRIEDENIA (MDT)
Číslo Medzinárodného desatinného triedenia (MDT) (0:82-311.6)
Identifikátor vydania 2011
100 1# - OSOBNÉ MENÁ – VŠEOBECNÉ INFORMÁCIE
Osobné meno Storey, Stephanie
Kód roly aut
-- 3765
240 10 - UNIFIKOVANÝ NÁZOV
Unifikovaný názov Oil in Marble
Jazyk diela Slovensky
245 10 - NÁZOV
Názov Olej a mramor
Údaj o zodpovednosti atď. Stephanie Storeyová ; z anglického originálu Oil in Marble ... preložil Milan Kopecký
250 ## - ÚDAJ O PORADÍ VYDANIA
Údaj o poradí vydania Druhé vydanie
264 #1 - VYDAVATEĽSKÉ ÚDAJE, DISTRIBÚCIA ATĎ. - RDA
Miesto publikovania, distribúcie atď. Bratislava
Názov vydavateľa, distibútora atď. Ikar
Dátum publikovania, distribúcie atď. 2022
300 ## - FYZICKÝ POPIS
Rozsah 342 strán
Rozmery 24 cm
336 ## - TYP OBSAHU
Typ obsahu - termín text
Typ obsahu - kód txt
Zdroj rdacontent
337 ## - TYP MÉDIA
Typ média - termín bez média
Typ média - kód n
Zdroj rdamedia
338 ## - TYP NOSIČA
Typ nosiča - termín zväzok
Typ nosiča - kód nc
Zdroj rdacarrier
500 ## - VŠEOBECNÁ POZNÁMKA
Formátovaná poznámka o obsahu Preložené z angličtiny
500 ## - VŠEOBECNÁ POZNÁMKA
Formátovaná poznámka o obsahu Obsahuje stručné biografické údaje o autorke na záložke prebalu publikácie
600 07 - PRIDANÝ VSTUP – PREDMET – OSOBNÉ MENO
Osobné meno Michelangelo Buonarroti,
Dátumy súvisiace s menom 1475-1564
Zdroj hesla alebo termínu SNKMA
-- 3766
600 07 - PRIDANÝ VSTUP – PREDMET – OSOBNÉ MENO
Osobné meno Leonardo da Vinci,
Dátumy súvisiace s menom 1452-1519
Zdroj hesla alebo termínu SNKMA
-- 3767
650 07 - PRIDANÝ VSTUP – PREDMET – TEMATICKÉ HESLO
Tematické heslo alebo geografický názov ako vstupný prvok maliari
Zdroj hesla alebo termínu SNKPH
-- 3768
650 07 - PRIDANÝ VSTUP – PREDMET – TEMATICKÉ HESLO
Tematické heslo alebo geografický názov ako vstupný prvok renesančné maliarstvo
Zdroj hesla alebo termínu SNKPH
-- 3769
651 #7 - PRIDANÝ VSTUP – PREDMET – GEOGRAFICKÝ NÁZOV
Geografický názov Taliansko
Zdroj hesla alebo termínu SNKPHgeo
-- 2281
655 #7 - INDEXAČNÝ TERMÍN – ŽÁNER/FORMA
Údaje o žánri/forme alebo termín, ktorý je prvok fazety americké romány
Zdroj termínu SNKPH
-- 2
655 #7 - INDEXAČNÝ TERMÍN – ŽÁNER/FORMA
Údaje o žánri/forme alebo termín, ktorý je prvok fazety historické romány
Zdroj termínu SNKPH
-- 1688
700 1# - PRIDANÝ VSTUP – OSOBNÉ MENO
Osobné meno Kopecký, Milan
Kód roly trl
-- 1788
Holdings
Stav stiahnutia (Blokovanie) (Withrawn status) Stav straty Zdroj klasifikácie pre skladovanie Stav poškodenia (Damaged status) Nie pre výpožičky (Not for loan) Spôsob nadobudnutia (Collection code) Trvalé umiestnenie Aktuálne umiestnenie Dátum nadobudnutia Náklady, bežná kúpna cena Inventárne číslo (prírastkové číslo) Celkom výpožičky Full call number Čiarový kód Dátum posledného výskytu Dátum poslednej výpôžičky Cena s účinnosťou od Typ jednotky Koha
          Kúpa Mestská knižnica Giraltovce Mestská knižnica Giraltovce 2022-11-09 12.00 21843 4 B10626 B10626 2025-01-10 2024-10-07 2022-11-09 Krásna literatúra pre dospelých

Powered by Koha